| 000 | 01109nac a22002411u 4500 | ||
|---|---|---|---|
| 010 | _a 00057622 | ||
| 020 | _a0891818235 | ||
| 082 | 0 | 0 |
_a338.2728 _bK937 |
| 090 |
_c4120 _d4120 |
||
| 100 | _aKronman, George E.[ed] | ||
| 245 | 0 | 0 |
_aInternational oil and gas ventures : _ba business perspective / _cedited by George E. Kronman, Don B. Felio, and Thomas E. O'Connor ; with the assistance of Mindy S. Kronman. |
| 260 |
_aTulsa, OK : _bAmerican Association of Petroleum Geologists, _c2000. |
||
| 300 |
_aix, 446 p. : _bill. (some col.) ; _c29 cm. |
||
| 504 | _aIncludes bibliographical references and index. | ||
| 650 | 0 |
_aPetroleum industry and trade _xInternational cooperation. |
|
| 650 | 0 |
_aPetroleum _xProspecting _xInternational cooperation. |
|
| 650 | 0 |
_aGas industry _xInternational cooperation. |
|
| 650 | 0 |
_aNatural gas _xProspecting _xInternational cooperation. |
|
| 700 | 1 | _aO'Connor, Thomas E. | |
| 700 | 1 | _aFelio, Don B. | |
| 942 |
_cBB _k338.2728K937 |
||
| 999 |
_c4120 _d4120 |
||